Statistics for 杭深铁路所有客运车站 Hangzhou-Shenzhen Railway stations

Click here to take the quiz!

General Stats

  • This quiz has been taken 49 times
    (18 since last reset)
  • The average score is 40 of 53

Answer Stats

里程地市车站% Correct
0杭州杭州东
100%
430温州温州南
94%
992漳州漳州
94%
950厦门厦门北
94%
879泉州泉州
94%
724福州福州南
94%
16杭州杭州南
94%
1464深圳深圳北
94%
155宁波宁波
94%
43绍兴绍兴北
94%
810莆田莆田
88%
636宁德宁德
88%
307台州台州西
88%
453温州瑞安
88%
487温州苍南
88%
1428深圳深圳坪山
82%
1308汕尾汕尾
82%
1159潮州潮汕
82%
74绍兴绍兴东
82%
147宁波庄桥
82%
227宁波宁海
82%
331台州温岭
82%
524宁德福鼎
82%
470温州平阳
76%
760福州福清
76%
1212揭阳普宁
76%
106宁波余姚北
76%
543宁德太姥山
71%
577宁德霞浦
71%
284台州临海
71%
1408惠州惠阳
71%
1273汕尾陆丰
71%
1185汕头潮阳
71%
1037漳州漳浦
71%
692福州连江
71%
395温州乐清
71%
193宁波奉化
71%
261宁波三门县
71%
904泉州晋江
71%
1068漳州云霄
65%
1118潮州饶平
65%
354温州雁荡山
65%
834莆田仙游
65%
974漳州角美
65%
1341汕尾鲘门
65%
609宁德福安
65%
861莆田惠安
59%
1100漳州诏安
59%
660福州罗源
59%
377温州乐清东
59%
790莆田涵江
53%
1376惠州惠东南
53%
1243揭阳葵潭
47%

Score Distribution

Percentile by Number Answered

Percent of People with Each Score

Your Score History

You have not taken this quiz since the last reset